| Tag |
First Indicator |
Second Indicator |
Subfields |
| LEADER |
00000cam a2200000 4500 |
| 001 |
in00000064267 |
| 005 |
20151008051754.0 |
| 008 |
720125s1965 mdu 00000 eng u |
| 010 |
|
|
|a 65011664
|
| 035 |
|
|
|a (OCoLC)00228299
|
| 035 |
|
|
|9 AAG9895AM
|
| 040 |
|
|
|c WSU
|d TXA
|d UtOrBLW
|
| 049 |
|
|
|a TXAM
|c [458589]
|
| 050 |
|
0 |
|a HC497.K8
|b I5
|
| 092 |
|
|
|a 338.953
|b I61e
|
| 110 |
2 |
|
|a World Bank.
|
| 245 |
1 |
4 |
|a The economic development of Kuwait ;
|b report of missions organized by the International Bank for Reconstruction and Development at the request of the Government of Kuwait.
|
| 264 |
|
1 |
|a Baltimore :
|b Published for the International Bank for Reconstruction and Development by the Johns Hopkins Press,
|c [1965]
|
| 300 |
|
|
|a xiii, 194 pages :
|b illustrations, folded maps (part color) ;
|c 24 cm.
|
| 336 |
|
|
|a text
|b txt
|2 rdacontent
|
| 337 |
|
|
|a unmediated
|b n
|2 rdamedia
|
| 338 |
|
|
|a volume
|b nc
|2 rdacarrier
|
| 651 |
|
0 |
|a Kuwait
|x Economic conditions.
|
| 999 |
|
|
|a MARS
|
| 999 |
f |
f |
|s c9cfa79f-6a77-364a-a82a-dd856e6c7ea9
|i 8eed84c0-2eb4-3721-86a6-23c206ff1f3d
|t 0
|
| 952 |
f |
f |
|p ric
|a Texas A&M University
|b Rellis Campus
|c Joint Library Facility
|d Remote Storage
|t 0
|e HC497.K8 I5
|h Library of Congress classification
|i unmediated -- volume
|m A14800775018
|
| 998 |
f |
f |
|a HC497.K8 I5
|t 0
|l Remote Storage
|